W jakim języku mówi się w tym kraju? - Statystyki

Ogólne statystyki
  • Ten quiz został rozwiązany 127 razy
  • Średni wynik to 8 z 25
Statystyki odpowiedzi
Państwo Język % Poprawnych
Indie hindi
78%
Słowacja słowacki
69%
Łotwa łotewski
62%
Chińska Republika Ludowa mandaryński
58%
Surinam holenderski
52%
Luksemburg luksemburski
48%
Kazachstan rosyjski
45%
Watykan łaciński
44%
Algieria arabski
41%
Uzbekistan uzbecki
41%
Republika Zielonego Przylądka portugalski
36%
Nepal nepalski
32%
Wyspy Alandzkie (Finlandia) szwedzki
32%
Andora kataloński
30%
Gwinea Równikowa hiszpański
29%
Południowa Afryka (RPA) afrikaans
21%
Palau palau
19%
Afganistan paszto
18%
Pakistan urdu
17%
Eswatini suazi
13%
Laos laosański
8%
Bhutan dzongkha
7%
Timor Wschodni tetum
6%
Republika Chińska (Tajwan) guoyu
2%
Sri Lanka syngaelski
1%
Nie znaleziono quizów pasujących do podanych kryteriów
Rozkład punktacji
Procent ludzi z każdym wynikiem
Percentyl według liczby udzielonych odpowiedzi
Twoja historia wyników
Nie rozwiązałeś tego quizu